L‘uso pubblico dei libri nell‘Ungheria del Cinque e Seicento

Elmentve itt :
Bibliográfiai részletek
Szerző: Monok István
Dokumentumtípus: Cikk
Megjelent: 2012
Sorozat:LA BIBLIOFILÍA: RIVISTA DI STORIA DEL LIBRO E DI BIBLIOGRAFIA 114 No. 2
mtmt:3008557
Online Access:http://publicatio.bibl.u-szeged.hu/6951
LEADER 00786nab a2200193 i 4500
001 publ6951
005 20190311191502.0
008 160607s2012 hu o 0|| zxx d
022 |a 0006-0941 
024 7 |a 3008557  |2 mtmt 
040 |a SZTE Publicatio Repozitórium  |b hun 
041 |a zxx 
100 1 |a Monok István 
245 1 0 |a L‘uso pubblico dei libri nell‘Ungheria del Cinque e Seicento  |h [elektronikus dokumentum] /  |c  Monok István 
260 |c 2012 
300 |a 215-229 
490 0 |a LA BIBLIOFILÍA: RIVISTA DI STORIA DEL LIBRO E DI BIBLIOGRAFIA  |v 114 No. 2 
856 4 0 |u http://publicatio.bibl.u-szeged.hu/6951/1/Monok_uso_pubblico_Bibliofilia_2012.pdf  |z Dokumentum-elérés  
856 4 0 |u http://publicatio.bibl.u-szeged.hu/6951/7/Bibiliiofilia_2012_ciml_tart_Monok.pdf  |z Dokumentum-elérés